|
|
|
|
| LEADER |
00000nab a2200000 a 4500 |
| 001 |
vtls000644883 |
| 003 |
SK-MaSNL |
| 005 |
20260302184131.0 |
| 008 |
140429c1997 xo 0 slo |
| 015 |
|
|
|a SNBRB19rr/mm-uuuuu
|
| 035 |
|
|
|a CL0645022
|
| 040 |
|
|
|a SNKBUCL
|b slo
|c SNKBUCL
|e AACR2
|
| 041 |
0 |
|
|a slo
|
| 044 |
|
|
|a xo
|c SK
|
| 080 |
|
|
|a 342.4(437.6)
|2 1981
|
| 100 |
1 |
|
|a Čič, Milan,
|d 1932-2012
|4 aut
|9 106535
|
| 245 |
1 |
0 |
|a Ústava a ústrednosť v súčasnom politickom systéme Slovenskej republiky
|c Milan Čič, Peter Brňák, Jozef Dermek
|
| 300 |
|
|
|b Fotogr. 2
|
| 650 |
0 |
7 |
|a Ústava Slovenskej republiky
|2 snkbucl
|9 499021
|
| 650 |
0 |
7 |
|a ústavnosť
|2 snkbucl
|9 295678
|
| 655 |
|
7 |
|a články z novín a časopisov
|2 snkbucl
|9 267496
|
| 700 |
1 |
|
|a Brňák, Peter
|4 aut
|9 834221
|
| 700 |
1 |
|
|a Dermek, Jozef
|d 1971-
|4 aut
|9 843002
|
| 773 |
0 |
|
|t Parlamentný kuriér
|g Roč. 5, č. 45 (1997), s. 20-21
|x 1335-0307
|
| 850 |
|
|
|a Slovenská národná knižnica v Martine
|a MTA001
|
| 852 |
|
|
|a SNK
|b KIS3GCP
|
| 958 |
|
|
|a RK
|
| 992 |
|
|
|a RBX
|
| 999 |
|
|
|c 1424331
|d 1426261
|